000 00269nam a2200109Ia 4500
008 220204s9999 xx 000 0 und d
082 _a32(540)
_bSOO
100 _aP
245 0 _aPolitics of socio economic change in India
260 _aDelhi
_bMarwah
_c1978
942 _cBK
999 _c34751
_d34751